Александр. Божественное пламя. Роман об Александре Великом: пер. с англ.; роман

Podrobná bibliografie
Hlavní autor: Рено М. Мэри
Shrnutí:Роман, вдохновивший Оливера Стоуна на создание киноромана.
Роман известной английской писательницы повествует о детских и юношеских годах легендарного полководца Александра Великого, который с детства мечтал стать воином, покорить мир и создать великую империю.
Jazyk:ruština
Vydáno: СПб., Амфора, 2006
Témata:
Médium: Kniha
KOHA link:https://koha.lib.tpu.ru/cgi-bin/koha/opac-detail.pl?biblionumber=98575

MARC

LEADER 00000nam0a2200000 4500
001 98575
005 20231031111351.0
010 |a 5942789800 
035 |a (RuTPU)RU\TPU\book\105670 
090 |a 98575 
100 |a 20060620d2006 m y0rusy50 ca 
101 1 |a rus  |c eng 
102 |a RU 
105 |a y z 000ab 
200 1 |a Александр. Божественное пламя. Роман об Александре Великом  |e пер. с англ.  |e роман  |f М. Рено 
210 |a СПб.  |c Амфора  |d 2006 
215 |a 605 с. 
300 |a Роман, вдохновивший Оливера Стоуна на создание киноромана. 
330 |a Роман известной английской писательницы повествует о детских и юношеских годах легендарного полководца Александра Великого, который с детства мечтал стать воином, покорить мир и создать великую империю. 
600 0 |a Александр Македонский (Великий)  |f 356-324 гг. до н.э.  |c полководец, царь Македонии с 336 г. до н.э.  |2 stltpush  |3 (RuTPU)RU\TPU\pers\6841 
610 1 |a английская литература 
610 1 |a романы 
610 1 |a исторические романы 
675 |a 82  |v 3 
686 |a Т3(0)3  |v LBC/SL-A  |2 rubbk 
700 1 |a Рено  |b М.  |g Мэри 
801 1 |a RU  |b 63413507  |c 20060620  |g PSBO 
801 2 |a RU  |b 63413507  |c 20070115  |g PSBO 
942 |c BK 
959 |a 57/20060619  |d 1  |e 209,44  |f ХФ:1